| 000 | 01263nam0a22002891 4500 | ||
|---|---|---|---|
| 001 | rc\2034180 | ||
| 005 | 20260406110443.0 | ||
| 035 | _a(NLR Aleph) 005284637 | ||
| 090 |
_a6131949 _c6131949 |
||
| 100 | _a20080925d1917 |||y0rusy50 ca | ||
| 101 | 0 | _arus | |
| 102 | _aRU | ||
| 105 | _ay z ||||| | ||
| 200 | 1 |
_aВысшая крестьянская школа _e(Первый сборник статей) _fА. Евдокимов, Е. Звягинцев, С. Серополко [и др.] |
|
| 210 |
_aМосква _cжурн. "Вестн. кооп. союзов" _d1917 |
||
| 215 |
_a47 с. _d24 |
||
| 702 | 1 |
_4220 _8rus _7ca _aЕвдокимов _bА. А. _f1872-1941 _gАндрей Андреевич _3RU\NLR\AUTH\77103932 _986857 |
|
| 702 | 1 |
_4220 _8rus _7ca _aЗвягинцев _bЕ. А. _f1869-1945 _gЕвгений Алексеевич _3RU\NLR\AUTH\77109410 _992335 |
|
| 702 | 1 |
_4220 _8rus _7ca _aСерополко _bС. А. _f1872-1959 _gСтепан Онисимович _3RU\NLR\AUTH\77120161 _9103086 |
|
| 801 | 0 |
_aRU _bNLR _c20080925 _gpsbo |
|
| 801 | 0 |
_aRU _bRuMoRGB _c20080925 _2psbo |
|
| 801 | 1 |
_aRU _bProSoft-M _c20080925 _2rusmarc |
|
| 801 | 2 |
_aRU _bNLR _c20120328 _2rusmarc |
|
| 852 |
_aNLR _j34.104.1.387 |
||
| 852 |
_aNLR _bМф _jК1/27046 |
||
| 942 | _cBOOK | ||
| 980 | _aNB | ||